00329nam a2200121Ia 4500008004100000040001700041041001200058082001900070100003000089245004500119260003100164300001200195230917s9999||||xx |||||||||||||| ||und|| e114851aMAIN aEnglish a320.50954 S64B aChaudhary, Shailesh Kumar 0aBaratiya rajnitik Chinitak: Vinoba Bhave aNew DelhibDisciveryc2007 a262p p.